000 00619nam a22001937a 4500
005 20251108164121.0
008 250721s1996 xx 000 0 ara d
082 1 4 _a301.072/غري
100 1 _aأحمد، غريب سيد
245 1 0 _aتصميم و تنفيذ البحوث الإجتماعية /
264 1 _aالاسكندريه :
_bدار المعرفة الجامعية،
_c1996.
300 _a333ص
650 1 7 _aعلم الإجتماع
650 1 7 _aالأبحاث
650 1 7 _aالأبحاث الإجتماعية
700 1 _aجلبي، علي عبد الرازق
942 _2ddc
_cBK
999 _c4040
_d4040